000 00437nam a2200133 a 4500
008 120416s1972 xx |||||||||||||| || u
050 _aTD 883 Fai
100 _aFaith, William Lawrence
245 1 0 _aAir pollution
250 _a2nd ed.
260 _c1972
350 _a0.00
995 _D0.00
_FCBU-MAIN LIBRARY (Kitwe)
_H1
_I8.65
_ULOST
_VMar 7, 2013
_ZMain Library Open Access Collection
999 _c34025
_d34025